Χώρες - Γράψε το 1ο Γράμμα - Statistics

General Stats
  • This quiz has been taken 115 times
  • The average score is 49 of 156
Answers on the Map
Answers color-coded by a green-red scale on the quiz's map according to % correct below.
 
Answer Stats
Χώρα % Correct
Ινδονησία
100%
Ιταλία
96%
Βιετνάμ
96%
Ινδία
96%
Καμπότζη
93%
Σλοβενία
93%
Γουινέα
89%
Καμερούν
89%
Ανγκόλα
89%
Σομαλία
89%
Αζερμπαϊτζάν
89%
Αιθιοπία
87%
Τζιμπουτί
83%
Νότια Κορέα
76%
Κούβα
76%
Φιλιππίνες
72%
Λάος
72%
Γουατεμάλα
67%
Ταϊλάνδη
65%
Μάλι
65%
Ηνωμένες Πολιτείες
65%
Μαυριτανία
65%
Τσαντ
65%
Μογγολία
65%
Βέλγιο
63%
Τατζικιστάν
63%
Γερμανία
63%
Ισημερινή Γουινέα
59%
Μυανμάρ
59%
Τουρκία
59%
Σλοβακία
57%
Λετονία
57%
Εσουατίνι
54%
Λεσότο
54%
Σιέρρα Λεόνε
50%
Λευκορωσία
50%
Ισλανδία
50%
Νικαράγουα
48%
Γουιάνα
48%
Ελβετία
48%
Περού
43%
Λιβερία
41%
Ουγκάντα
41%
Ιορδανία
41%
Σερβία
41%
Τυνησία
41%
Πολωνία
39%
Μολδαβία
39%
Νιγηρία
39%
Μεξικό
39%
Βενεζουέλα
39%
Κιριμπάτι
37%
Κένυα
35%
Ζιμπάμπουε
35%
Αρμενία
35%
Κολομβία
35%
Τόγκο
35%
Νεπάλ
35%
Βραζιλία
35%
Ολλανδία
35%
Γκαμπόν
35%
Σουηδία
35%
Ηνωμένο Βασίλειο
35%
Νέα Ζηλανδία
33%
Πακιστάν
30%
Αϊτή
30%
Κροατία
26%
Κίνα
26%
Δημοκρατία του Κονγκό
26%
Παπούα Νέα Γουινέα
26%
Ομάν
24%
Νότιο Σουδάν
22%
Κατάρ
22%
Δανία
22%
Ουρουγουάη
22%
Χιλή
22%
Αλγερία
22%
Κιργιζία
22%
Σουρινάμ
22%
Εσθονία
22%
Μαυροβούνιο
22%
Ισραήλ
22%
Νότια Αφρική
22%
Ουζμπεκιστάν
22%
Γαλλία
22%
Ερυθραία
22%
Γεωργία
22%
Τουρκμενιστάν
22%
Πορτογαλία
22%
Ουκρανία
20%
Βοσνία και Ερζεγοβίνη
20%
Ιρλανδία
20%
Μοζαμβίκη
20%
Αυστρία
20%
Ονδούρα
20%
Συρία
17%
Νορβηγία
15%
Λιθουανία
15%
Ρουμανία
15%
Μπενίν
15%
Μπελίζ
13%
Ουγγαρία
13%
Κύπρος
13%
Ελλάδα
13%
Μαδαγασκάρη
13%
Μαλάουι
13%
Αφγανιστάν
13%
Μπανγκλαντές
13%
Ιράν
13%
Ελ Σαλβαδόρ
11%
Δομινικανή Δημοκρατία
11%
Παραγουάη
11%
Βόρεια Μακεδονία
11%
Σουδάν
11%
Σενεγάλη
9%
Κόστα Ρίκα
9%
Λαϊκή Δημοκρατία του Κονγκό
9%
Καναδάς
9%
Μαρόκο
9%
Ακτή Ελεφαντοστού
9%
Μπουρκίνα Φάσο
9%
Ισπανία
9%
Βολιβία
9%
Βουλγαρία
9%
Κόσοβο
9%
Ζάμπια
9%
Μαλαισία
7%
Ηνωμένα Αραβικά Εμιράτα
7%
Φινλανδία
7%
Κουβέιτ
7%
Γουινέα-Μπισσάου
7%
Νίγηρας
4%
Αυστραλία
4%
Μάλτα
4%
Ιράκ
4%
Ταϊβάν
4%
Σρι Λάνκα
4%
Ιαπωνία
4%
Τανζανία
4%
Αργεντινή
4%
Σαουδική Αραβία
4%
Μπουτάν
4%
Αίγυπτος
4%
Βόρεια Κορέα
2%
Εκουαδόρ
2%
Αλβανία
2%
Κεντροαφρικανική Δημοκρατία
2%
Γκάνα
2%
Μποτσουάνα
2%
Υεμένη
2%
Παναμάς
2%
Καζακστάν
2%
Ρωσία
2%
Ναμίμπια
2%
Λιβύη
2%
Τσεχία
2%
No matching quizzes found
Score Distribution
Percent of People with Each Score
Percentile by Number Answered
Your Score History
You have not taken this quiz